000
00211nam a22000857a 4500
008
170527b xxu||||| |||| 00| 0 eng d
100
_9
3133
_a
M. Wells
245
_a
Three Shapes of Love
260
_a
Chicago
_b
Moody
_c
1971
999
_c
6425
_d
6425